000 00644cam a2200217 a 4500
001 000009397
005 20200929161600.0
008 831109s1976 cr 000 1 spa c
040 _aDO-SdBNP
_bspa
_cLC
_dBNPHU
082 _aN863.44
_bA283p
100 1 _aAguilar, Rosario,
_d1938-
_924181
245 1 0 _aPrimavera sonambula /
_cRosario Aguilar.
260 _aSan José, (Costa Rica) :
_bEDUCA,
_c1976.
300 _a271 p. ;
_c17 cm.
490 1 _aSeptimo Día
650 4 _aNovela nicaraguense
_922434
650 4 _aLiteratura nicaraguense
_98180
830 0 _aSeptimo Día.
_924182
910 _aCatalogación por copia / LC
049 _aBNGR
999 _c9157
_d9157